|
|
|
|
| LEADER |
00716nta a2200193 i 4500 |
| 001 |
dipl136643 |
| 005 |
20230728085353.0 |
| 008 |
230728s2022 hu om 0|| hun d |
| 040 |
|
|
|a SZTE Diploma Repozitórium
|b hun
|
| 041 |
|
|
|a hun
|
| 100 |
1 |
|
|a Vizin József Krisztián
|
| 245 |
1 |
0 |
|a Sztehlo Gábor zsidómentő tevékenysége
|h [elektronikus dokumentum] /
|c József Krisztián Vizin
|
| 246 |
1 |
0 |
|a Gábor Sztehlo, the rescuer of Jews
|h [elektronikus dokumentum]
|
| 260 |
|
|
|c 2022
|
| 650 |
|
4 |
|a Bölcsészettudományok
|
| 650 |
|
4 |
|a Humanities
|
| 650 |
|
4 |
|a History and archaeology
|
| 700 |
1 |
|
|a Giczi Zsolt
|e ths
|
| 856 |
4 |
0 |
|u https://diploma.bibl.u-szeged.hu/id/eprint/136643/1/2022_vizin_jozsef_krisztian.pdf
|z Dokumentum-elérés
|